[Event "GSF 75 aars jubilaeum Mester2 2008"]
[Site "Bagsvaerd"]
[Date "2008.06.10"]
[Round "7"]
[White "Lodahl, Carsten"]
[Black "Strachan, Christian C"]
[Result "1-0"]
[WhiteElo "1930"]
[BlackElo "1815"]
[PlyCount "81"]
[EventDate "2008.??.??"]

1. d4 Nf6 2. c4 e5 3. d5 Bc5 4. g3 O-O 5. Bg2 d6 6. Nc3 a5 7. Nf3 h6 8. O-O Bg4
9. Qc2 Qd7 10. e4 Na6 11. a3 Rae8 12. Bd2 Kh7 13. Kh1 Bh3 14. Ng1 Bxg2+ 15.
Kxg2 Ng8 16. f4 exf4 17. Rxf4 Bxg1 18. Rxg1 Kh8 19. Rgf1 Qe7 20. Be3 Nb8 21.
Nb5 f6 22. Nd4 Nd7 23. Ne6 Rf7 24. Bd4 Ne5 25. Bxe5 dxe5 26. R4f3 b6 27. Rc1 c5
28. Rb1 Qd6 29. Qd2 Rxe6 30. b4 axb4 31. axb4 Ree7 32. bxc5 Qxc5 33. Qc2 Rc7
34. Rc3 Rfd7 35. Qb3 Rb7 36. Rd3 Ne7 37. Qa4 Ra7 38. Qc2 Nc8 39. Rb5 Qd6 40.
Rdb3 Ra3 41. c5 1-0

[Event "GSF 75 aars jubilaeum Mester2 2008"]
[Site "Bagsvaerd"]
[Date "2008.06.10"]
[Round "7"]
[White "Sorensen, Dick"]
[Black "Petersen, Erling Karl"]
[Result "1-0"]
[WhiteElo "1911"]
[BlackElo "1833"]
[PlyCount "35"]
[EventDate "2008.??.??"]

1. e4 c5 2. Nf3 e6 3. d4 cxd4 4. Nxd4 Nf6 5. Bd3 Nc6 6. Nxc6 dxc6 7. O-O e5 8.
Nc3 Be7 9. Kh1 Qc7 10. f4 Bd6 11. f5 Bd7 12. Be3 Be7 13. Qf3 O-O 14. g4 Be8 15.
g5 Nd7 16. Qh5 f6 17. Bc4+ Bf7 18. g6 1-0